• 首页
  • 本馆介绍
  • 公告通知
  • 最新文献
  • 馆藏检索
  • 电子资源
  • 读者导购
  • 参考咨询
  • 我的图书馆
  • 登录
  • 详细信息显示
  • 放入我的书架
  • 预约/预借图书
  • 作者相关作品
  • 分类相关作品
  • 丛书相关作品
  • 出版社相关作品

书目信息

  • 表格格式
  • 工作单格式
  • 卡片格式
书名: The final diagnosis
作者: Arthur Hailey.
分册号:
分册名:
出版地: Toronto ;
 
出版社: Bantam Books
出版时间: 1960, c1959.
页数: 310 p. ;
开本: 18 cm.
丛书名:
中图分类号:
科图分类号:
其他分类号: I711.45
主题词:
电子资源:
000 00537cam 2200193Ii 4504
001 E0738624668
005 20070227104811.57
008 030425c19601959ja 00010 eng d
020    @a0553200976.
040    @aICF@cICF@dm.c.@dOCL@dBGU
090    @aK736.933/W(6)3
090    @aI711.45
099    @dI711.45@ex3
100 1  @aHailey, Arthur.
245 14 @aThe final diagnosis / @cArthur Hailey.
250    @aBantam ed.
260 0  @aToronto ;@aNew York :@bBantam Books,@c1960, c1959.
300    @a310 p. ;@c18 cm.
920    @a232010@z2
    
    The final diagnosis / / Arthur Hailey.-Bantam ed.-Toronto ; ; New York : : Bantam Books, , 1960, c1959.
    310 p. ; ; 18 cm.
    
    
    ISBN 0553200976.
    
●
相关链接 在E读中查询图书 在五车中查询图书 在当当中查询图书 在豆瓣中查询图书


正题名:final diagnosis     索取号:I711.45/x3         预约/预借

序号 登录号 条形码 馆藏地/架位号 状态 备注
1 180835   001683547   第四借阅区/ [索取号:I711.45/x3] 在馆    
2 180836   001683510   第四借阅区/ [索取号:I711.45/x3] 在馆    
3 180837   001683501   第四借阅区/ [索取号:I711.45/x3] 在馆    
4 180838   001683495   第四借阅区/ [索取号:I711.45/x3] 在馆    
5 180839   001683459   第二样本阅览室/ [索取号:I711.45/x3] 在馆    
6 180840   001683529   第四借阅区/ [索取号:I711.45/x3] 在馆    
7 180841   001683556   第四借阅区/ [索取号:I711.45/x3] 在馆    
8 180842   001683477   第四借阅区/ [索取号:I711.45/x3] 在馆    
9 180843   001683468   第四借阅区/ [索取号:I711.45/x3] 在馆    
唐山师范学院图书馆 欢迎您!
大连网信软件有限公司© 版权所有